01631nam a2200409 i 450000100060000000300080000600500170001400600190003100700150005000800410006502000180010602000280012403500220015204000310017405000220020508000100022708200140023724501480025126400310039930000410043033600290047133700330050033800430053349000500057650400290062658800830065559001620073865000290090065000540092965000170098365500270100070000450102779700180107283000510109085600630114199900170120442652FINmELB20241216222049.0m o u cr cn|||||||||240922s2024 sp ob 000 0 spa d z9788483568347 a9788410702998q(e-book) a(OCoLC)1456877895 aFINmELBbspaerdacFINmELB14aLB1027bI584 2024 a37.0204a371.322300aInnovación pedagógica y tecnológica para transformar los espacios de aprendizaje /cJesús López-Belmonte [y otros 4] (coordinadores). 1aMadrid :bDykinson,c2024. a1 recurso en línea (119 páginas) atextobtxt2rdamedia/spa acomputadorabc2rdamedia/spa arecurso en líneabcr2rdacarrier/spa1 aColección Innovación en Ciencias Sociales aContiene bibliografía. aDescripción basada en metadatos suministrados por el editor y otras fuentes. aRecurso electrónico. Santa Fe, Arg.: elibro, 2024. Disponible vía World Wide Web. El acceso puede estar limitado para las bibliotecas afiliadas a elibro. 4aInnovaciones educativas. 4aTecnologías de la información en educación. 4aAprendizaje. 4aLibros electrónicos.1 aLópez-Belmonte, Jesús,ecoordinador.2 aelibro, Corp. 0aColección Innovación en Ciencias Sociales.40uhttps://elibro.net/ereader/politecnicointernacional/271884 c42652d42652